[Event "Vojvodina op 15th"]
[Site "Novi Sad"]
[Date "2025.07.01"]
[Round "8"]
[White "Kosanovic, Goran A"]
[Black "Kukushkin, Ivan"]
[Result "1/2-1/2"]
[WhiteElo "2257"]
[BlackElo "2008"]
[PlyCount "72"]
[EventDate "2025.06.25"]
[EventType "swiss"]
[EventRounds "9"]
[EventCountry "SRB"]
[SourceTitle "CB27_2025"]
[SourceDate "2025.07.02"]
[SourceVersion "1"]
[SourceVersionDate "2025.07.02"]
[SourceQuality "1"]

1. d4 d5 2. Nf3 Nf6 3. e3 e6 4. Bd3 c5 5. 0-0 Nc6 6. b3 Bd6 7. Bb2 0-0 8. Nbd2 b6 9. Ne5 Bb7 10. a3 Rc8 11. f4 Ne7 12. Qf3 b5 13. dxc5 Bxc5 14. b4 Bb6 15. Rae1 Ne4 16. Nxe4 dxe4 17. Bxe4 Bxe4 18. Qxe4 Qd5 19. Qd3 Rfd8 20. Kh1 f6 21. Nf3 Qxd3 22. cxd3 Rxd3 23. e4 Rc2 24. Bc1 Nc6 25. Rd1 Rxd1 26. Rxd1 Kf7 27. h4 h5 28. Kh2 Ke7 29. Kh3 a6 30. Kh2 Ba7 31. Kh1 Bb6 32. Kh2 Nd4 33. Nxd4 Bxd4 34. Rxd4 Rxc1 35. Rd3 Rc4 36. Re3 g6 1/2-1/2

[Event "Reykjavik op"]
[Site "Reykjavik"]
[Date "2025.04.09"]
[Round "1"]
[White "Dushyant, Sharma"]
[Black "Kukushkin, Ivan"]
[Result "1-0"]
[WhiteElo "2313"]
[BlackElo "2030"]
[PlyCount "85"]
[EventDate "2025.04.09"]
[EventType "swiss"]
[EventRounds "9"]
[EventCountry "ISL"]
[SourceTitle "CB17_2025"]
[SourceDate "2025.04.23"]
[SourceVersion "1"]
[SourceVersionDate "2025.04.23"]
[SourceQuality "1"]

1. e4 c5 2. Nf3 Nc6 3. d4 cxd4 4. Nxd4 Nf6 5. Nc3 d6 6. f4 g6 7. Be2 Bg7 8. Be3 0-0 9. 0-0 Bd7 10. Nb3 a6 11. Bf3 Rc8 12. h3 b5 13. a3 Na5 14. Nxa5 Qxa5 15. e5 Ne8 16. Nd5 Rb8 17. Ba7 Qd8 18. Bxb8 Qxb8 19. Nxe7+ Kh8 20. c3 Be6 21. Kh1 dxe5 22. Nc6 Qc7 23. fxe5 f6 24. Qd8 Qf7 25. Qb6 Bc4 26. Rfe1 Nc7 27. exf6 Bxf6 28. Ne5 Qg7 29. Nxc4 bxc4 30. Rad1 h5 31. Qc6 Rf7 32. Qxc4 Kh7 33. a4 Kh6 34. Rd6 a5 35. Rc6 Kh7 36. b4 axb4 37. cxb4 Kh6 38. b5 Re7 39. Rxe7 Qxe7 40. Rxf6 Qxf6 41. Qxc7 Qa1+ 42. Kh2 Qxa4 43. b6 1-0

[Event "Wch U20 62nd"]
[Site "Petrovac"]
[Date "2025.02.27"]
[Round "3"]
[White "Concio, Michael Jr"]
[Black "Kukushkin, Ivan"]
[Result "1-0"]
[WhiteElo "2376"]
[BlackElo "2129"]
[PlyCount "137"]
[EventDate "2025.02.25"]
[EventType "swiss"]
[EventRounds "11"]
[EventCountry "MNE"]
[SourceTitle "CB11_2025"]
[SourceDate "2025.03.12"]
[SourceVersion "1"]
[SourceVersionDate "2025.03.12"]
[SourceQuality "1"]

1. d4 d5 2. c4 e6 3. Nf3 Nf6 4. Nc3 Nbd7 5. Bf4 Bb4 6. e3 0-0 7. Bd3 dxc4 8. Bxc4 Nb6 9. Qb3 Bd6 10. Bxd6 cxd6 11. 0-0 Nxc4 12. Qxc4 Bd7 13. Qb3 Bc6 14. Nd2 Rc8 15. e4 Qa5 16. Rac1 Qg5 17. f4 Qh5 18. Rce1 b6 19. Qa3 Rfd8 20. Qxa7 b5 21. Qa5 Ra8 22. Qb4 d5 23. e5 Ne4 24. Nb3 Nxc3 25. Qxc3 Rdc8 26. a3 b4 27. Qxb4 Rab8 28. Qc3 Bb5 29. Nc5 Bxf1 30. Rxf1 Qe2 31. b4 Ra8 32. Ra1 Qc4 33. Qb2 Rab8 34. Rc1 Qb5 35. Rc3 h5 36. Kf2 g6 37. Qb3 Kg7 38. Rc2 Kg8 39. Rb2 Qc6 40. a4 Ra8 41. b5 Qb6 42. Qb4 Ra7 43. Ra2 Rb8 44. Ra3 Kg7 45. Rc3 Rba8 46. g3 Kh7 47. Kg2 Kg7 48. Rb3 Kh7 49. Ra3 Kg7 50. Nb3 Rb8 51. Qd6 Kg8 52. Nc5 Kg7 53. Qxb6 Rxb6 54. Rb3 Kg8 55. Kf2 Kg7 56. Ke2 g5 57. fxg5 Kg6 58. h4 Kf5 59. Kf2 Kg6 60. Ke2 Kf5 61. Rf3+ Kg4 62. Kf2 Kh3 63. Rb3 Kh2 64. Kf3 Kh3 65. Rb1 Kh2 66. Rb2+ Kh1 67. Nd3 Kg1 68. Rb1+ Kh2 69. Nf2 1-0

[Event "Rilton Cup 52nd"]
[Site "Stockholm"]
[Date "2025.01.04"]
[Round "8"]
[White "Goossens, Hanne"]
[Black "Kukushkin, Ivan"]
[Result "1/2-1/2"]
[WhiteElo "2142"]
[BlackElo "2165"]
[PlyCount "90"]
[EventDate "2024.12.27"]
[EventType "swiss"]
[EventRounds "9"]
[EventCountry "SWE"]
[SourceTitle "CB02_2025"]
[SourceDate "2025.01.08"]
[SourceVersion "1"]
[SourceVersionDate "2025.01.08"]
[SourceQuality "1"]

1. e4 c5 2. c3 d5 3. exd5 Qxd5 4. d4 e6 5. Nf3 Nf6 6. Na3 Qd8 7. Bd3 Nc6 8. Nc2 Be7 9. 0-0 0-0 10. Qe2 h6 11. Be3 cxd4 12. Ncxd4 Bd7 13. Rad1 Qc8 14. Nxc6 Bxc6 15. Ne5 Nd5 16. Bc1 Bd6 17. c4 Nf6 18. b3 Bxe5 19. Qxe5 Qb8 20. Qe2 Qc7 21. Bb2 Qf4 22. Be5 Qh4 23. f3 Nd7 24. Bb2 Rfe8 25. Bc2 Nf8 26. Rd4 Qe7 27. Rg4 e5 28. f4 h5 29. Rg3 h4 30. Re3 e4 31. f5 f6 32. Rf4 Nh7 33. Rxh4 Ng5 34. Rf4 Qd6 35. Rf1 a5 36. Re1 Qf4 37. Rf1 Nf3+ 38. gxf3 exf3 39. Rfxf3 Bxf3 40. Rxe8+ Kh7 41. Qe3 Qg4+ 42. Kf1 Qg2+ 43. Ke1 Rxe8 44. Qxe8 Qxc2 45. Qg6+ Kh8 1/2-1/2

[Event "Rilton Cup 52nd"]
[Site "Stockholm"]
[Date "2025.01.02"]
[Round "6"]
[White "Golecki, Jan"]
[Black "Kukushkin, Ivan"]
[Result "1-0"]
[WhiteElo "2256"]
[BlackElo "2165"]
[PlyCount "111"]
[EventDate "2024.12.27"]
[EventType "swiss"]
[EventRounds "9"]
[EventCountry "SWE"]
[SourceTitle "CB02_2025"]
[SourceDate "2025.01.08"]
[SourceVersion "1"]
[SourceVersionDate "2025.01.08"]
[SourceQuality "1"]

1. e4 c5 2. Nf3 e6 3. d4 cxd4 4. Nxd4 Nf6 5. Nc3 Nc6 6. Bf4 Bb4 7. Ndb5 Nxe4 8. Qf3 d5 9. Nc7+ Kf8 10. Nxa8 Nd4 11. Qd3 Qf6 12. f3 Qxf4 13. fxe4 e5 14. g3 Qg5 15. h4 Qh6 16. Bg2 Bg4 17. a3 dxe4 18. Bxe4 Bc5 19. Qd2 Qe6 20. Nc7 Qd7 21. N7b5 f5 22. Rf1 Ke8 23. Nxd4 exd4 24. Bxf5 Bxf5 25. 0-0-0 dxc3 26. Qxc3 Bd6 27. Qe3+ Be6 28. Rde1 Kd8 29. Qxe6 Qxe6 30. Rxe6 Bxg3 31. h5 Kd7 32. Re4 g5 33. hxg6 hxg6 34. Rg4 Be5 35. Rxg6 Rh7 36. Kb1 Re7 37. Rd1+ Kc7 38. Re1 Kd7 39. c4 b6 40. Kc2 Bc7 41. Rxe7+ Kxe7 42. b4 Kd7 43. Kd3 Kc8 44. Ke4 Bh2 45. Kd5 Kb7 46. Rg7+ Ka8 47. Kc6 Be5 48. Rg8+ Bb8 49. b5 a5 50. Kxb6 a4 51. Rg6 Ba7+ 52. Kc6 Bb8 53. b6 Be5 54. Rg8+ Bb8 55. Rg5 Bf4 56. b7+ 1-0

[Event "Sant Boi de Llobregat op 5th"]
[Site "Sant Boi de Llobregat"]
[Date "2024.12.04"]
[Round "6"]
[White "Kukushkin, Ivan"]
[Black "Piccoli, Lucas Fonseca"]
[Result "0-1"]
[WhiteElo "2084"]
[BlackElo "2270"]
[PlyCount "77"]
[EventDate "2024.11.29"]
[EventType "swiss"]
[EventRounds "10"]
[EventCountry "ESP"]
[SourceTitle "CB50_2024"]
[SourceDate "2024.11.01"]
[SourceVersion "1"]
[SourceVersionDate "2024.11.01"]
[SourceQuality "2"]

1. d4 Nf6 2. Bf4 e6 3. Nf3 c5 4. e3 Qb6 5. Qc1 Nc6 6. c3 Nh5 7. Bg3 d5 8. Nbd2 Nxg3 9. hxg3 g6 10. dxc5 Qxc5 11. b4 Qd6 12. b5 Ne7 13. c4 Bg7 14. c5 Qc7 15. Rb1 0-0 16. Be2 e5 17. 0-0 h5 18. Qa3 Nf5 19. e4 dxe4 20. Nxe4 Qe7 21. Rfd1 Nd4 22. Nxd4 exd4 23. Bf3 h4 24. gxh4 Qxh4 25. g3 Qh3 26. Bg2 Qh5 27. Nd6 Bg4 28. Rd2 Qg5 29. Qb4 a5 30. bxa6 Rxa6 31. Bxb7 Rb8 32. Rxd4 Bxd4 33. Qxd4 Bf3 34. Re1 Rxd6 35. cxd6 Bxb7 36. d7 Kh7 37. Rd1 Qh5 38. f4 Qf3 39. Qd2 0-1

[Event "Sant Boi de Llobregat op 5th"]
[Site "Sant Boi de Llobregat"]
[Date "2024.12.03"]
[Round "5"]
[White "Pomes Marcet, Juan"]
[Black "Kukushkin, Ivan"]
[Result "0-1"]
[WhiteElo "2213"]
[BlackElo "2084"]
[PlyCount "104"]
[EventDate "2024.11.29"]
[EventType "swiss"]
[EventRounds "10"]
[EventCountry "ESP"]
[SourceTitle "CB50_2024"]
[SourceDate "2024.11.01"]
[SourceVersion "1"]
[SourceVersionDate "2024.11.01"]
[SourceQuality "2"]

1. d4 e6 2. c4 c5 3. d5 exd5 4. cxd5 d6 5. Nc3 a6 6. a4 g6 7. g3 Bg7 8. Nf3 Bg4 9. Bg2 Bxf3 10. Bxf3 Nd7 11. 0-0 Ne7 12. e3 0-0 13. Be2 Re8 14. a5 Qc7 15. Qc2 f5 16. Rd1 Rf8 17. b3 Rae8 18. h4 h5 19. Bb2 Kh7 20. Bc4 Ng8 21. Ne2 Bh6 22. Nf4 Bxf4 23. exf4 Ngf6 24. Qc3 Rf7 25. f3 b5 26. axb6 Nxb6 27. Re1 Ref8 28. Rad1 Qd7 29. Qd2 Nxc4 30. bxc4 Qa4 31. Qc3 Rb7 32. Ra1 Qb4 33. Re2 Qb6 34. Qd3 a5 35. Bc3 Ra7 36. Re6 Qd8 37. Qc2 Ne8 38. Qa4 Ng7 39. Re2 Qc8 40. Rae1 Rff7 41. Rb1 Rfb7 42. Rb5 Rxb5 43. Qxb5 a4 44. Bxg7 Kxg7 45. Qb2+ Kh7 46. Qf6 Qd7 47. Qc3 a3 48. Qb3 Qb7 49. Qa2 Qg7 50. Kg2 Qc3 51. g4 hxg4 52. fxg4 fxg4 0-1

[Event "Sant Boi de Llobregat op 5th"]
[Site "Sant Boi de Llobregat"]
[Date "2024.12.02"]
[Round "4"]
[White "Kukushkin, Ivan"]
[Black "Myagmarsuren, Evsuld"]
[Result "1/2-1/2"]
[WhiteElo "2084"]
[BlackElo "2265"]
[PlyCount "63"]
[EventDate "2024.11.29"]
[EventType "swiss"]
[EventRounds "10"]
[EventCountry "ESP"]
[SourceTitle "CB50_2024"]
[SourceDate "2024.11.01"]
[SourceVersion "1"]
[SourceVersionDate "2024.11.01"]
[SourceQuality "2"]

1. d4 d5 2. Nf3 Nf6 3. Bf4 c5 4. e3 Nc6 5. c3 Qb6 6. Qc1 Bf5 7. Be2 h6 8. 0-0 e6 9. Nbd2 Be7 10. dxc5 Bxc5 11. b4 Be7 12. a4 Rc8 13. a5 Qd8 14. Qb2 0-0 15. Rfd1 Ne4 16. Nxe4 Bxe4 17. Nd2 Bg6 18. a6 b6 19. b5 Na5 20. c4 Bf6 21. Be5 Bxe5 22. Qxe5 Rc5 23. cxd5 Rxd5 24. Qb2 Qe7 25. Nf3 Rfd8 26. Rxd5 Rxd5 27. Rc1 Qd6 28. h3 Kh7 29. Qc3 Rc5 30. Qa3 Rxc1+ 31. Qxc1 Nb3 32. Qc3 1/2-1/2

[Event "Montesilvano Adriatico op 28th"]
[Site "Montesilvano"]
[Date "2024.09.13"]
[Round "7"]
[White "Kukushkin, Ivan"]
[Black "Warnier, Yanis"]
[Result "0-1"]
[WhiteElo "2054"]
[BlackElo "2159"]
[PlyCount "80"]
[EventDate "2024.09.08"]
[EventType "swiss"]
[EventRounds "9"]
[EventCountry "ITA"]
[SourceTitle "EXT 2025"]
[Source "ChessBase"]
[SourceDate "2024.10.14"]
[SourceVersion "1"]
[SourceVersionDate "2024.10.14"]
[SourceQuality "1"]

1. e4 e5 2. Nc3 Nf6 3. Bc4 Nc6 4. d3 Na5 5. Nge2 c6 6. 0-0 Bc5 7. a3 Nxc4 8. dxc4 d6 9. Qd3 a6 10. Be3 Bxe3 11. Qxe3 0-0 12. Rad1 Qe7 13. Nc1 Be6 14. b3 b5 15. cxb5 axb5 16. a4 b4 17. N3e2 c5 18. Nd3 Qb7 19. Ng3 Rfc8 20. f4 c4 21. bxc4 Ng4 22. Qf3 exf4 23. Qxf4 Rxc4 24. Nf2 Qa7 25. Nh5 Nxf2 26. Rxf2 Rxc2 27. Rdf1 Rxf2 28. Rxf2 Qc5 29. Ng3 Rxa4 30. h3 Ra2 31. Nh1 b3 32. Qh4 g5 33. Qh6 b2 34. Kh2 b1Q 35. Qf6 Rxf2 36. Qd8+ Kg7 37. Nxf2 Qe1 38. Qxg5+ Qxg5 39. Ng4 Qf4+ 40. g3 Qfxg3# 0-1

[Event "Montesilvano Adriatico op 28th"]
[Site "Montesilvano"]
[Date "2024.09.11"]
[Round "4"]
[White "Djuric, Stefan"]
[Black "Kukushkin, Ivan"]
[Result "0-1"]
[WhiteElo "2208"]
[BlackElo "2054"]
[PlyCount "170"]
[EventDate "2024.09.08"]
[EventType "swiss"]
[EventRounds "9"]
[EventCountry "ITA"]
[SourceTitle "EXT 2025"]
[Source "ChessBase"]
[SourceDate "2024.10.14"]
[SourceVersion "1"]
[SourceVersionDate "2024.10.14"]
[SourceQuality "1"]

1. e4 c5 2. Nf3 e6 3. Nc3 Nc6 4. d4 cxd4 5. Nxd4 Nf6 6. g3 Bb4 7. Bg2 0-0 8. 0-0 e5 9. Nde2 d6 10. h3 Be6 11. Nd5 Bxd5 12. exd5 Ne7 13. Bg5 Nd7 14. a3 Bc5 15. b4 Bb6 16. c4 h6 17. Bd2 f5 18. Qb3 Kh8 19. Rac1 Ng6 20. Qb1 Qf6 21. Kh1 f4 22. Be4 Ne7 23. a4 a5 24. c5 dxc5 25. bxa5 Bxa5 26. Bxa5 Rxa5 27. Qxb7 Qd6 28. Qb3 Rb8 29. Qc2 Nf6 30. Rb1 Rba8 31. Nc3 Qd7 32. Kh2 Rf8 33. g4 c4 34. Rfd1 Ra6 35. Bf3 Nc8 36. Qe2 Qc7 37. Rb4 Nd6 38. Qxe5 Qc5 39. Rb2 Nf7 40. Qd4 Qe7 41. Re2 Qd7 42. Qxc4 Raa8 43. Qd3 Rae8 44. Rde1 Rxe2 45. Rxe2 Ng5 46. Re5 Qd6 47. Re2 Rc8 48. Nb5 Qb4 49. d6 Qxa4 50. Nd4 Qxd4 51. Qa3 Nxf3+ 52. Qxf3 Qxd6 53. h4 Rd8 54. g5 Ng4+ 55. Kg2 h5 56. Rc2 Kh7 57. Qe4+ Qg6 58. Re2 Rf8 59. Re1 Qxe4+ 60. Rxe4 Kg6 61. Kf3 Nh2+ 62. Kg2 Ng4 63. Kf3 Ra8 64. Rxf4 Ra3+ 65. Kg2 Ra2 66. Kg3 Rxf2 67. Rxf2 Nxf2 68. Kxf2 Kf5 69. Kg3 Ke4 70. g6 Ke3 71. Kg2 Kf4 72. Kf2 Kg4 73. Ke3 Kxh4 74. Kf4 Kh3 75. Kf5 h4 76. Ke6 Kg4 77. Kf7 h3 78. Kxg7 h2 79. Kf8 h1Q 80. g7 Qh6 81. Kf7 Qh7 82. Kf8 Qf5+ 83. Ke7 Qg6 84. Kf8 Qf6+ 85. Kg8 Kh5 0-1

[Event "Montesilvano Adriatico op 28th"]
[Site "Montesilvano"]
[Date "2024.09.11"]
[Round "5"]
[White "Kukushkin, Ivan"]
[Black "Kalosha, Zhiulien Oleksii"]
[Result "0-1"]
[WhiteElo "2054"]
[BlackElo "2232"]
[PlyCount "140"]
[EventDate "2024.09.08"]
[EventType "swiss"]
[EventRounds "9"]
[EventCountry "ITA"]
[SourceTitle "EXT 2025"]
[Source "ChessBase"]
[SourceDate "2024.10.14"]
[SourceVersion "1"]
[SourceVersionDate "2024.10.14"]
[SourceQuality "1"]

1. e4 e5 2. Nc3 Nf6 3. Bc4 Nc6 4. d3 Na5 5. Nge2 c6 6. 0-0 Bc5 7. a3 Nxc4 8. dxc4 d6 9. Qd3 a6 10. Bg5 Be6 11. b3 0-0 12. Kh1 h6 13. Bh4 g5 14. Bg3 Qe7 15. f3 Nh5 16. Bf2 Bxf2 17. Rxf2 f5 18. Raf1 b5 19. exf5 bxc4 20. bxc4 Bxf5 21. Ne4 Rad8 22. Qb3 Qe6 23. N2g3 Nxg3+ 24. Nxg3 Bg6 25. Re2 Rb8 26. Qc3 Rf4 27. Ne4 Rbf8 28. Rd1 Bxe4 29. Rxe4 g4 30. Rxf4 Rxf4 31. fxg4 Qxg4 32. Rb1 Rf8 33. c5 Qe2 34. h3 Rf1+ 35. Rxf1 Qxf1+ 36. Kh2 Qf4+ 37. Kg1 d5 38. Qa5 Qe3+ 39. Kh2 Qf4+ 40. Kg1 e4 41. Qxa6 Qe3+ 42. Kh2 Qxc5 43. Qc8+ Kf7 44. Qd7+ Kf6 45. Qd8+ Kf5 46. Qd7+ Kf4 47. Qf7+ Ke3 48. a4 d4 49. Qf1 Qxc2 50. a5 Qa2 51. a6 d3 52. a7 d2 53. Qg1+ Ke2 54. g3 e3 55. Qg2+ Kd3 56. Qf1+ Kc2 57. Qf5+ Kc1 58. Qc5+ Kb1 59. Qb6+ Qb2 60. Qxb2+ Kxb2 61. a8Q d1Q 62. Qb7+ Qb3 63. Qa7 Kb1 64. Kg2 Qd5+ 65. Kg1 Qd1+ 66. Kh2 Qc2+ 67. Kh1 e2 68. Qb6+ Qb2 69. Qg1+ Qc1 70. Qxc1+ Kxc1 0-1

[Event "Bydgoszcz op"]
[Site "Bydgoszcz"]
[Date "2024.09.01"]
[Round "7"]
[White "Kejna, Piotr"]
[Black "Kukushkin, Ivan"]
[Result "1-0"]
[WhiteElo "2284"]
[BlackElo "2054"]
[PlyCount "125"]
[EventDate "2024.08.26"]
[EventType "swiss"]
[EventRounds "9"]
[EventCountry "POL"]
[SourceTitle "EXT 2025"]
[Source "ChessBase"]
[SourceDate "2024.10.14"]
[SourceVersion "1"]
[SourceVersionDate "2024.10.14"]
[SourceQuality "1"]

1. d4 Nf6 2. c4 e6 3. Nc3 Bb4 4. Qc2 0-0 5. a3 Bxc3+ 6. Qxc3 Ne4 7. Qc2 f5 8. Nf3 d6 9. g3 Nd7 10. Bg2 Ndf6 11. 0-0 Qe7 12. b4 Bd7 13. Bb2 a6 14. Rac1 Rac8 15. Ne1 Bc6 16. Nd3 Qf7 17. f3 Qh5 18. Nf4 Qh6 19. fxe4 Ng4 20. h3 Ne3 21. Qc3 Nxf1 22. Rxf1 Bxe4 23. d5 e5 24. Ne6 Bxg2 25. Kxg2 Rf7 26. c5 Re8 27. c6 b6 28. Bc1 Qg6 29. Qd3 b5 30. Kh2 Rxe6 31. dxe6 Qxe6 32. Be3 d5 33. Bc5 g6 34. Rd1 d4 35. e3 Qxc6 36. exd4 e4 37. Qb3 Qf6 38. Rf1 h5 39. Rg1 Kh7 40. Qd5 g5 41. Qe5 Kg7 42. Rf1 Kg6 43. Kg2 Qc6 44. d5 Qf6 45. Qe6 Kg7 46. Rf2 g4 47. h4 Kh7 48. Bd4 Qg6 49. Qe5 Rf8 50. Qxc7+ Kg8 51. d6 f4 52. Rxf4 Rxf4 53. gxf4 e3 54. Qd8+ Kf7 55. Qe7+ Kg8 56. f5 Qf7 57. Qxf7+ Kxf7 58. Bxe3 g3 59. Bg5 a5 60. d7 axb4 61. d8Q bxa3 62. Qe7+ Kg8 63. f6 1-0

[Event "Bydgoszcz op"]
[Site "Bydgoszcz"]
[Date "2024.08.31"]
[Round "6"]
[White "Domin, Yan"]
[Black "Kukushkin, Ivan"]
[Result "1-0"]
[WhiteElo "2148"]
[BlackElo "2054"]
[PlyCount "141"]
[EventDate "2024.08.26"]
[EventType "swiss"]
[EventRounds "9"]
[EventCountry "POL"]
[SourceTitle "EXT 2025"]
[Source "ChessBase"]
[SourceDate "2024.10.14"]
[SourceVersion "1"]
[SourceVersionDate "2024.10.14"]
[SourceQuality "1"]

1. e4 c5 2. Nf3 e6 3. c3 d5 4. exd5 Qxd5 5. d4 Nf6 6. a3 Nc6 7. Be3 Be7 8. Bd3 0-0 9. 0-0 Rd8 10. Qe2 b6 11. Rd1 Qh5 12. dxc5 Bxc5 13. Bxc5 bxc5 14. Nbd2 Bb7 15. Ne4 Nd5 16. Ng3 Qh6 17. Be4 Rac8 18. Qb5 Ba8 19. c4 Nde7 20. Qxc5 Qf6 21. b4 g6 22. Qe3 Nf5 23. Bxf5 exf5 24. Qf4 Kg7 25. h4 h5 26. Rac1 a6 27. Nf1 Ne7 28. Ne5 Nc6 29. Nxc6 Qxc6 30. Ne3 Re8 31. Rd6 Qe4 32. Rd4 Qe6 33. Rcd1 Re7 34. c5 Qc6 35. Rd6 Qe4 36. Qxe4 Rxe4 37. R1d4 f4 38. Rxe4 Bxe4 39. Nc4 Re8 40. Rd4 Bc6 41. Rxf4 Re1+ 42. Kh2 Re2 43. Na5 Be4 44. f3 Bd5 45. Kg3 Rd2 46. Nc4 Rd3 47. Nb6 Bc6 48. a4 f6 49. Rc4 g5 50. a5 Rd2 51. Nc8 Bb5 52. Rc1 gxh4+ 53. Kxh4 Rxg2 54. Na7 Be2 55. Rc3 Kg6 56. c6 Kf5 57. c7 Kf4 58. c8Q Rh2+ 59. Qh3 Rxh3+ 60. Kxh3 Bxf3 61. Rxf3+ Kxf3 62. b5 f5 63. b6 f4 64. b7 Ke2 65. b8Q f3 66. Qb2+ Ke1 67. Kg3 h4+ 68. Kxf3 Kd1 69. Nb5 axb5 70. Ke3 h3 71. Qb1# 1-0

[Event "Bydgoszcz op"]
[Site "Bydgoszcz"]
[Date "2024.08.26"]
[Round "1"]
[White "Kukushkin, Ivan"]
[Black "Diaz Villagran, Robert"]
[Result "1-0"]
[WhiteElo "2054"]
[BlackElo "2268"]
[PlyCount "121"]
[EventDate "2024.08.26"]
[EventType "swiss"]
[EventRounds "9"]
[EventCountry "POL"]
[SourceTitle "EXT 2025"]
[Source "ChessBase"]
[SourceDate "2024.10.14"]
[SourceVersion "1"]
[SourceVersionDate "2024.10.14"]
[SourceQuality "1"]

1. e4 e6 2. d4 d5 3. Nd2 Nc6 4. Ngf3 Nf6 5. Bd3 Nb4 6. Qe2 Nxd3+ 7. Qxd3 Be7 8. e5 Nd7 9. 0-0 0-0 10. Re1 c5 11. c3 b6 12. Nf1 a5 13. Be3 Ba6 14. Qd2 Rc8 15. Ng3 cxd4 16. Bxd4 Nc5 17. Rad1 a4 18. Qe3 Bc4 19. a3 Qe8 20. Nh5 Kh8 21. Ng5 f5 22. exf6 gxf6 23. Qh3 Qg6 24. Nxe6 Nxe6 25. Rxe6 Rc7 26. Rde1 Bd8 27. Qf3 Rcf7 28. h3 Kg8 29. Kh1 Bb3 30. Ng3 Rd7 31. Nf5 Bc2 32. Ne3 Be4 33. Qg4 Qxg4 34. Nxg4 Kg7 35. f3 Bf5 36. Rc6 b5 37. Nf2 Rff7 38. g4 Bc2 39. g5 Kg6 40. gxf6 h5 41. h4 Bf5 42. Rg1+ Kh6 43. Rg5 Bg6 44. Nh3 Bc7 45. Be3 Kh7 46. Rg2 Bd8 47. Ng5+ Kg8 48. Bd4 Bc7 49. Re6 Bd8 50. Re8+ Rf8 51. f7+ Rdxf7 52. Nxf7 Rxe8 53. Nxd8 Kh7 54. Nc6 Re1+ 55. Kh2 Be8 56. Nb4 Rf1 57. Nxd5 Rxf3 58. Nf6+ Kh6 59. Ng8+ Kh7 60. Rg7+ Kh8 61. Rg3+ 1-0

[Event "Heart of Finland op 32nd"]
[Site "Jyvaskyla"]
[Date "2024.07.19"]
[Round "7"]
[White "Kukushkin, Ivan"]
[Black "Keinanen, Anastasia"]
[Result "1/2-1/2"]
[WhiteElo "2033"]
[BlackElo "2226"]
[PlyCount "93"]
[EventDate "2024.07.15"]
[EventType "swiss"]
[EventRounds "9"]
[EventCountry "FIN"]
[SourceTitle "CBM 221 Extra"]
[Source "ChessBase"]
[SourceDate "2024.09.30"]
[SourceVersion "1"]
[SourceVersionDate "2024.09.30"]
[SourceQuality "1"]

1. e4 c5 2. Nf3 Nc6 3. d4 cxd4 4. Nxd4 Nf6 5. Nc3 e5 6. Ndb5 d6 7. Bg5 a6 8. Na3 Be7 9. Bxf6 Bxf6 10. Nc4 Nd4 11. Nd5 b5 12. Ncb6 Rb8 13. Nxc8 Rxc8 14. c3 Ne6 15. Be2 0-0 16. 0-0 Nf4 17. a4 Nxd5 18. Qxd5 Rc5 19. Qd3 Qb6 20. b4 Rc4 21. axb5 axb5 22. Qc2 Rc6 23. Qd3 Rc4 24. Rfd1 Rfc8 25. Qxd6 Qxd6 26. Rxd6 Rxc3 27. g3 Rc1+ 28. Rxc1 Rxc1+ 29. Kg2 Be7 30. Rd5 Bxb4 31. Rxe5 g6 32. Rxb5 Bc5 33. Bd3 Bd4 34. Rd5 Bb6 35. h4 Rd1 36. Rb5 Bd4 37. Be2 Rd2 38. Kf1 Rb2 39. Rd5 Bb6 40. Rd7 Rb1+ 41. Bd1 Rb2 42. f4 Bf2 43. Bb3 Bxg3 44. Bxf7+ Kf8 45. Bd5 Rf2+ 46. Kg1 Rxf4 47. Rxh7 1/2-1/2

[Event "Madrid op"]
[Site "Madrid"]
[Date "2024.06.12"]
[Round "5"]
[White "Cramling Bellon, Anna"]
[Black "Kukushkin, Ivan"]
[Result "1/2-1/2"]
[WhiteElo "2060"]
[BlackElo "1997"]
[PlyCount "70"]
[EventDate "2024.06.10"]
[EventType "swiss"]
[EventRounds "9"]
[EventCountry "ESP"]
[SourceTitle "CBM 220 Extra"]
[Source "ChessBase"]
[SourceDate "2024.07.31"]
[SourceVersion "1"]
[SourceVersionDate "2024.07.31"]
[SourceQuality "1"]

1. d4 Nf6 2. c4 e6 3. Nc3 Bb4 4. Qc2 0-0 5. e4 d5 6. cxd5 exd5 7. e5 c5 8. a3 Bxc3+ 9. bxc3 Ne4 10. Bd3 Bf5 11. Ne2 c4 12. Bxe4 Bxe4 13. Qb2 Nc6 14. f3 Bf5 15. 0-0 f6 16. exf6 Qxf6 17. Nf4 Qd6 18. Qb5 Rad8 19. a4 Bc2 20. g3 Qd7 21. Ba3 Rf6 22. Rf2 Bb3 23. Re1 h6 24. Rfe2 Kh7 25. Re6 Rxe6 26. Nxe6 Re8 27. Nf8+ Rxf8 28. Bxf8 Qf7 29. Bb4 Qxf3 30. a5 Bc2 31. Qxb7 Be4 32. Rxe4 Qxe4 33. Qxc6 Qe1+ 34. Kg2 Qe2+ 35. Kg1 Qe1+ 1/2-1/2

[Event "Madrid op"]
[Site "Madrid"]
[Date "2024.06.12"]
[Round "4"]
[White "Kukushkin, Ivan"]
[Black "Sanroman Costas, Mauro"]
[Result "0-1"]
[WhiteElo "1997"]
[BlackElo "2143"]
[PlyCount "108"]
[EventDate "2024.06.10"]
[EventType "swiss"]
[EventRounds "9"]
[EventCountry "ESP"]
[SourceTitle "CBM 220 Extra"]
[Source "ChessBase"]
[SourceDate "2024.07.31"]
[SourceVersion "1"]
[SourceVersionDate "2024.07.31"]
[SourceQuality "1"]

1. e4 c6 2. d4 d5 3. Nc3 dxe4 4. Nxe4 Nf6 5. Nxf6+ exf6 6. c3 Bd6 7. Bd3 0-0 8. Qc2 Re8+ 9. Ne2 h5 10. 0-0 h4 11. h3 Nd7 12. Be3 Nf8 13. Rad1 Be6 14. c4 Rc8 15. Rfe1 g5 16. Nc3 Bb8 17. Ne4 Kg7 18. f3 Ng6 19. Nc5 Qd6 20. Bxg6 fxg6 21. Nxe6+ Rxe6 22. Bf2 Rce8 23. Rxe6 Rxe6 24. d5 cxd5 25. cxd5 Re8 26. Kf1 a5 27. Qb3 Re7 28. Qb5 Qh2 29. Qc5 Rc7 30. Qe3 Qd6 31. Qb6 Qh2 32. Qe3 Rd7 33. Qe6 Qd6 34. Qe8 Re7 35. Qc8 Qa6+ 36. Kg1 Bd6 37. Qd8 Qe2 38. Rc1 Qxb2 39. Rf1 Qe5 40. Rd1 Qh2+ 41. Kf1 Qh1+ 42. Bg1 Bc5 43. Rd4 Re1+ 44. Kxe1 Qxg1+ 45. Ke2 Qxd4 46. Qd7+ Kh6 47. Qd8 Qe3+ 48. Kd1 Qd3+ 49. Ke1 Bb4+ 50. Kf2 Qd2+ 51. Kg1 Bc5+ 52. Kh2 Qf4+ 53. Kh1 Qc1+ 54. Kh2 Qg1# 0-1

[Event "Madrid op"]
[Site "Madrid"]
[Date "2024.06.10"]
[Round "1"]
[White "Rey Malde, Henrique"]
[Black "Kukushkin, Ivan"]
[Result "1-0"]
[WhiteElo "2171"]
[BlackElo "1997"]
[PlyCount "83"]
[EventDate "2024.06.10"]
[EventType "swiss"]
[EventRounds "9"]
[EventCountry "ESP"]
[SourceTitle "CBM 220 Extra"]
[Source "ChessBase"]
[SourceDate "2024.07.31"]
[SourceVersion "1"]
[SourceVersionDate "2024.07.31"]
[SourceQuality "1"]

1. e4 c6 2. d4 d5 3. e5 c5 4. dxc5 e6 5. Be3 Nd7 6. Bb5 Ne7 7. b4 Nc6 8. Bxc6 bxc6 9. Nf3 a5 10. c3 Ba6 11. a4 Qb8 12. Qd4 axb4 13. cxb4 Bc4 14. Bd2 Qc8 15. Bc3 Qb8 16. Nbd2 Ba6 17. Nb3 g6 18. Rc1 Bg7 19. Qe3 0-0 20. Nbd4 Nxe5 21. Nxe5 Bxe5 22. Nxc6 Bxc3+ 23. Qxc3 Qc7 24. Ne5 f6 25. Nf3 Bc4 26. Nd2 Rxa4 27. Nxc4 dxc4 28. 0-0 Qf4 29. g3 Qg4 30. Rfd1 Rb8 31. Rd4 Qg5 32. h4 Qf5 33. Rxc4 Ra2 34. Rf4 Qe5 35. Qxe5 fxe5 36. Rfc4 Rf8 37. R1c2 Ra1+ 38. Kg2 Kf7 39. c6 Ke7 40. Rd2 Ra7 41. b5 Rb8 42. b6 1-0